000 00552nam a2200133Ia 4500
008 171207s9999 xx 000 0 und d
100 _aAdshead, Maura
245 _aHaving it all? Transferring community-oriented research principles to teaching and learning to develop better university engagement
245 _cMaura Adshead & Bernie Quillinan
260 _c2017
300 _apages 35-55, 2017
440 _aEducational Action Research
_v25:1
650 _aUniversity engagement, community-oriented research, community-based learning, UL Practicum
999 _c347529
_d347529